<La> Mobilité étudiante Erasmus: problèmes et perspectives
Krátko z histórie a niekoľko štatistických údajov medzinárodného programu Erasmus. Najvážnejšie problémy študentskej mobility v rámci programu Erasmus. Program Erasmus na Slovensku.
Guardado en:
| Autor principal: | |
|---|---|
| Otros Autores: | |
| Formato: | Capítulo de libro |
| Lenguaje: | francés |
| Materias: | |
| Etiquetas: |
Sin Etiquetas, Sea el primero en etiquetar este registro!
|
MARC
| LEADER | 00000naa$a2200000$$$4500 | ||
|---|---|---|---|
| 001 | 0233950 | ||
| 005 | 20240502083623.0 | ||
| 041 | 0 | |a fre | |
| 044 | |a CZ | ||
| 245 | 1 | 0 | |a <La> Mobilité étudiante Erasmus: problèmes et perspectives |c Magdaléna Přívarová, Ján Toma |
| 520 | |a Krátko z histórie a niekoľko štatistických údajov medzinárodného programu Erasmus. Najvážnejšie problémy študentskej mobility v rámci programu Erasmus. Program Erasmus na Slovensku. | ||
| 610 | 2 | 0 | |a vzdelávanie vysokoškolské |
| 610 | 2 | 0 | |a študenti |
| 610 | 2 | 0 | |a učitelia |
| 610 | 2 | 0 | |a spolupráca medzinárodná |
| 610 | 2 | 0 | |a školy vysoké |
| 610 | 2 | 0 | |a financovanie |
| 610 | 2 | 0 | |a financie |
| 610 | 2 | 0 | |a Európska únia |
| 610 | 2 | 0 | |a Slovensko |
| 100 | 1 | |a Přívarová, Magdaléna, 1955- | |
| 700 | 1 | |a Toma, Ján | |